writing business letters : Học viết thư thương mại /

সংরক্ষণ করুন:
গ্রন্থ-পঞ্জীর বিবরন
প্রধান লেখক: Cheung, Anthony C.M Emma P.Munroe
অন্যান্য লেখক: Nguyễn Thành Yến dịch
বিন্যাস: গ্রন্থ
ভাষা:English
প্রকাশিত: TP. Hồ Chí Minh : Hồ Chí Minh, 2006.
বিষয়গুলি:
ট্যাগগুলো: ট্যাগ যুক্ত করুন
কোনো ট্যাগ নেই, প্রথমজন হিসাবে ট্যাগ করুন!
Thư viện lưu trữ: Mạng thư viện Đại học Đà Nẵng
LEADER 01089cam a22003131a 4500
001 000034527
003 10726
005 20241010152639.0
008 151027s2006 000 eng
020 |c 28.000đ 
040 |a Lnn 
082 1 4 |a 420  |b Wr-T 
100 1 |a Cheung, Anthony C.M  |b Emma P.Munroe 
245 0 |a writing business letters :  |b Học viết thư thương mại /  |c Anthony C.M Cheung. 
260 |a TP. Hồ Chí Minh :  |b Hồ Chí Minh,  |c 2006. 
300 |a 210 ;  |c 20cm. 
500 |a Các loại thư thương mại mẫu 
653 |a thư thương mại 
700 1 |a Nguyễn Thành Yến dịch 
OWN |a LNN 
AVA |a UDN50  |b LNN  |c English  |d 420Wr-T  |e available  |t Error 5001 Not defined in file expand_doc_bib_avail.  |f 1  |g 0  |h N  |i 0  |j AN  |k 1 
999 |a From the UDN01 
AVA |a UDN50  |b LNN  |c English  |d 420Wr-T  |e available  |t Error 5001 Not defined in file expand_doc_bib_avail.  |f 1  |g 0  |h N  |i 0  |j AN  |k 1 
TYP |a Monograph 
TYP |a Printed language 
980 |a Mạng thư viện Đại học Đà Nẵng